000 00838nam a2200265 a 4500
001 BRCA_5574
005 20190320205134.0
008 180211s191u----sp-a######---#000-0#spa-#
041 _aspa
044 _asp
050 4 _aND813.A4
_b.P34 1919
100 1 _aPalencia Tabu, C.
_914215
245 1 0 _aLeonardo Alenza
_cC. Palencia Tabu ; fototipias de Hauser y Menet
260 _aMadrid
_bTipografía Artística Cervantes
_c[191-?]
300 _a15 p.
_bil., 42 láminas
_c21 cm.
440 0 _aBiblioteca Estrella
_pMonografías de arte
_914216
500 _aIncluye índice de láminas
500 _aEstado físico: camisa un poco rota
500 _aF49
600 1 4 _aAlenza y Nieto, Leonardo
_d1807-1845
_914217
650 1 4 _aPintores españoles
_97620
650 1 4 _aDibujantes españoles
_912032
902 _aGFM
942 _2lcc
_cB
999 _c5268
_d5268